Normal view
MARC view
- Dr. Ishrat Jabeen
Entry Personal Name
001 - CONTROL NUMBER
- control field: 86333
003 - CONTROL NUMBER IDENTIFIER
- control field: NUST
005 - DATE AND TIME OF LATEST TRANSACTION
- control field: 20211210092945.0
008 - FIXED-LENGTH DATA ELEMENTS
- fixed length control field: 211210|| aca||aabn | a|a d
040 ## - CATALOGING SOURCE
- Original cataloging agency: NUST
- Transcribing agency: NUST
100 ## - HEADING--PERSONAL NAME
- Personal name: Dr. Ishrat Jabeen
670 ## - SOURCE DATA FOUND
- Source citation: Work cat.: (NUST): Mehrosh Agha. 86331, Integrated molecular modelling and machine learning strategies for the design of potential therapeutic agents against Neuroblastoma /, 2021.
